logo

Bir Sreshtho Munshi Abdur Rouf Library
Jhenaidah Cadet College

বান্দার ডাকে আল্লাহর সাড়া : (Record no. 12448)

MARC details
000 -LEADER
fixed length control field 01161nam a2200229 a 4500
001 - CONTROL NUMBER
JCCL Control Number 12448
003 - CONTROL NUMBER IDENTIFIER
JCCL marc code BD-JhCC
005 - DATE AND TIME OF LATEST TRANSACTION
control field 20230205134024.0
008 - FIXED-LENGTH DATA ELEMENTS--GENERAL INFORMATION
fixed length control field 220217s2019 bg |||| |||| 000 0 mul d
020 ## - INTERNATIONAL STANDARD BOOK NUMBER
International Standard Book Number 9789848041468
035 ## - SYSTEM CONTROL NUMBER
system control number (BD-JhCC)12448
040 ## - CATALOGING SOURCE
Original cataloging agency BD-JhCC
Modifying agency BD-JhCC
041 ## - LANGUAGE CODE
Language code of Book Bangla and Arabic
082 ## - DEWEY DECIMAL CLASSIFICATION NUMBER
Classification number 297.3824
Author mark and Year QAH 2019
100 ## - MAIN ENTRY--PERSONAL NAME
Personal name কাহতানি, সাঈদ ইবনু আলী
245 ## - TITLE STATEMENT
Title বান্দার ডাকে আল্লাহর সাড়া :
Remainder of title ‘আয-যিকর ওয়াদ দুআ ওয়াল ইলাজ বির রুকা মিনাল কিতাবি ওয়াস সুন্নাহ’ গ্রন্থের অনুবাদ /
Statement of responsibility, etc সাঈদ ইবনু আলী কাহতানি অনু. জিয়াউর রহমান মুন্সী
260 ## - PUBLICATION, DISTRIBUTION, ETC. (IMPRINT)
Place of publication, distribution, etc ঢাকা :
Name of publisher, distributor, etc মাকতাবুল বায়ান,
Date of publication, distribution, etc ২০১৯।
300 ## - PHYSICAL DESCRIPTION
Pagination ৩৬০ ‍পৃ. :
Dimensions ২১ সেমি.
650 ## - SUBJECT ADDED ENTRY--TOPICAL TERM
Topical term or geographic name as entry element Islam -- Prayers and devotions.
700 ## - ADDED ENTRY--PERSONAL NAME
Personal name মুন্সী, জিয়াউর রহমান
942 ## - ADDED ENTRY ELEMENTS (KOHA)
Source of classification or shelving scheme Dewey Decimal Classification
Koha item type Books
Koha issues (borrowed), all copies 3
Holdings
Source of classification or shelving scheme Damaged status Not for loan Home library Current library Shelving location Date of accession Cost, normal purchase price Total Checkouts Full call number Barcode Date last seen Date checked out Copy number Koha item type
Dewey Decimal Classification     JCC Rouf Library JCC Rouf Library General Stacks 06/02/2021 375.00 4 297.3824 QAH 2019 16997 08/14/2023 07/17/2023 C-1 Books

JCC Library | Contacts | JCC Home

Last Update on 23 September 2017
Copyright @ 2017-2020 JCC Rouf Library
Rouf Library, Jhenidah Cadet College (JCC), Bangladesh